000 02038nam0a22003611 4500
001 v19\rc\1851878
005 20260406183342.0
035 _a(NLR Aleph) 005263667
090 _a5927050
_c5927050
100 _a20080221d19091909|||y0rusy50 ca
101 0 _arus
102 _aRU
105 _ay z |||||
200 1 _aПредварительные опыты, относящиеся к абсолютному определению напряжения силы тяжести в Главной палате мер и весов при помощи длинных маятников
_f[А. Иванов]
210 _aСанкт-Петербург
_cТипо-лит. М.П. Фроловой
_d[1909]
215 _a16 с.
_d22
300 _aПеред загл.: 88
300 _aАвт. указан в конце текста
309 _aБез тит. л. и обл.
311 _aОтт. из "Временника Гл. палаты мер и весов". 1909 г., вып. 9, с. 85-100
488 0 _12001#$aВременник Главной палаты мер и весов$v1909, вып. 9
_1215##$aC. 85-100 с.
_tВременник Главной палаты мер и весов
532 1 3 _aПредварительные опыты, относящиеся к абсолютному определению напряжения силы тяжести в Главной палате мер и весов при помощи длинных маятников
700 1 _8rus
_7ca
_aИванов
_bА. А.
_cастроном
_f1867-1939
_gАлександр Александрович
_3RU\NLR\AUTH\7764885
_947814
712 0 1 _aРоссия
_bГлавная палата мер и весов
_3RU\NLR\AUTH\889948501
_9392619
790 1 _aИванов
_bА.
_f1867-1939
801 0 _aRU
_bNLR
_c20080221
_gpsbo
801 0 _aRU
_bRuMoRGB
_c20080221
_2psbo
801 1 _aRU
_bProSoft-M
_c20080221
_2rusmarc
801 2 _aRU
_bNLR
_c20080530
_2rusmarc
852 _aNLR
_j18.68.1.120
942 _cBOOK
980 _aNB